000 00438nam a2200205Ia 4500
001 001747
003 YMCAF
005 20230512160115.0
008 100717s1970 ||||||||||||||||| ||und|d
024 _a1747
035 _a1728
040 _aYMCAF
_beng
_cIN-KoLT
041 _aeng
082 _aSCI-HOU5
100 _aHOUPT G.L.
245 0 _aSCIENCE FOR MECHANICAL ENGG. TECH.
260 _c1970
300 _a288
942 _2ddc
_cBK
999 _c1425
_d1425